[Event "Bayerische EM 2012 Allgemeine Klasse"]
[Site "Bayerisch Eisenstein"]
[Date "2012.08.24"]
[Round "7.11"]
[White "Zill, Christoph"]
[Black "Beier, Klaus"]
[Result "1/2-1/2"]
[WhiteElo "2219"]
[BlackElo "2126"]
[PlyCount "95"]
[EventDate "2012.??.??"]
[WhiteTeam "SK Freising"]
[BlackTeam "SK Michelau"]

1. e4 e5 2. Nf3 Nc6 3. Bc4 Bc5 4. d4 Bxd4 5. Nxd4 Nxd4 6. O-O d6 7. f4 Be6 8.
Bd3 f6 9. b4 Ne7 10. a4 O-O 11. f5 Bf7 12. Qg4 Kh8 13. Be3 c5 14. c3 Nb3 15.
Ra3 c4 16. Be2 d5 17. Nd2 Nxd2 18. Bxd2 dxe4 19. Be3 Qc7 20. Qxe4 Rfd8 21. Bc5
Rac8 22. a5 b6 23. axb6 axb6 24. Bxe7 Qxe7 25. Rfa1 Bd5 26. Qe3 Qd6 27. Ra6 Rb8
28. Ra7 Rd7 29. Bf3 Bxf3 30. Qxf3 Rbd8 31. Rxd7 Qxd7 32. Ra8 h6 33. Rxd8+ Qxd8
34. h3 Qd3 35. Qh5 Qd7 36. Qf3 Kg8 37. Kh2 Kf7 38. Qh5+ Ke7 39. Qg4 Kd6 40.
Qxc4 Qxf5 41. Qb5 Qf4+ 42. Kh1 Qc1+ 43. Kh2 Qxc3 44. Qxb6+ Qc6 45. Qd8+ Qd7 46.
Qf8+ Kc6 47. Qc5+ Kb7 48. Kg3 1/2-1/2

[Event "Bayerische EM 2012 Allgemeine Klasse"]
[Site "Bayerisch Eisenstein"]
[Date "2012.08.24"]
[Round "7.12"]
[White "Walter, Florian"]
[Black "Stadler, Alex"]
[Result "1/2-1/2"]
[WhiteElo "2128"]
[BlackElo "2035"]
[PlyCount "87"]
[EventDate "2012.??.??"]
[WhiteTeam "SV Lauf a.d.P."]
[BlackTeam "SV Deggendorf"]

1. c4 c5 2. g3 g6 3. Bg2 Bg7 4. Nc3 Nc6 5. Nf3 e5 6. O-O Nge7 7. Rb1 O-O 8. a3
a5 9. b3 d6 10. Bb2 h6 11. d3 Be6 12. Nd2 d5 13. cxd5 Nxd5 14. Nc4 Rb8 15. a4
Ndb4 16. Nb5 Qe7 17. Bc3 b6 18. Qd2 Rfd8 19. Qb2 Nd4 20. h3 Nxb5 21. axb5 f6
22. f4 exf4 23. Rxf4 Bxc4 24. dxc4 f5 25. Bxg7 Qxg7 26. Qxg7+ Kxg7 27. e4 Rd4
28. exf5 Rxf4 29. gxf4 gxf5 30. Rd1 Nc2 31. Rd7+ Kh8 32. Bf3 Nd4 33. Bd1 Re8
34. Kf2 Re4 35. Rd6 Re6 36. Rd7 h5 37. Rb7 h4 38. Bf3 Nxf3 39. Kxf3 Rg6 40. Kf2
Kg8 41. Rc7 Rg3 42. Rc6 Rxb3 43. Rxb6 Rb4 44. Ra6 1/2-1/2

[Event "Bayerische EM 2012 Allgemeine Klasse"]
[Site "Bayerisch Eisenstein"]
[Date "2012.08.24"]
[Round "7.13"]
[White "Hornung, Hans"]
[Black "Schelle, Artur"]
[Result "0-1"]
[WhiteElo "2138"]
[BlackElo "2215"]
[PlyCount "94"]
[EventDate "2012.??.??"]
[WhiteTeam "SK Klosterlechfeld"]
[BlackTeam "SC Tarrasch 45 München"]

1. Nf3 g6 2. d4 Bg7 3. c4 d6 4. Nc3 Nf6 5. g3 O-O 6. Bg2 c6 7. O-O Qa5 8. e4
Qh5 9. Ng5 h6 10. Qxh5 Nxh5 11. Nf3 Be6 12. d5 Bd7 13. Bd2 Na6 14. Ne1 Nc5 15.
b4 Na4 16. Rc1 Nb6 17. Nd1 Rfc8 18. Ne3 Nf6 19. Nd3 cxd5 20. exd5 Na4 21. Rfe1
b6 22. f3 Rc7 23. Rc2 Rac8 24. Rec1 g5 25. g4 e6 26. dxe6 Bxe6 27. h3 h5 28. f4
gxf4 29. Nxf4 hxg4 30. hxg4 Bh6 31. Nf5 Bxf5 32. gxf5 Kh7 33. Nd5 Nxd5 34. Bxd5
Rg8+ 35. Kh1 Rg4 36. Bxh6 Kxh6 37. Rh2+ Kg5 38. Rf1 Nc3 39. Bf3 Ne4 40. Bxe4
Rxe4 41. Rg2+ Rg4 42. Rd1 Rxg2 43. Kxg2 Rxc4 44. Rxd6 Rc2+ 45. Kf3 Rxa2 46. Ke4
Ra4 47. Rd4 a5 0-1

[Event "Bayerische EM 2012 Allgemeine Klasse"]
[Site "Bayerisch Eisenstein"]
[Date "2012.08.24"]
[Round "7.14"]
[White "Bachhuber, Dominik"]
[Black "Laubert, Johannes"]
[Result "1/2-1/2"]
[WhiteElo "1858"]
[BlackElo "2108"]
[PlyCount "161"]
[EventDate "2012.??.??"]
[WhiteTeam "Rainer SC"]
[BlackTeam "SC Windischeschenbach"]

1. e4 c5 2. Nf3 e6 3. d4 cxd4 4. Nxd4 Nf6 5. Nc3 Nc6 6. Be3 Bb4 7. f3 d5 8. Bb5
Qc7 9. Qd3 O-O 10. Bxc6 bxc6 11. exd5 cxd5 12. O-O e5 13. Ndb5 Qb7 14. Bg5 Be6
15. Bxf6 gxf6 16. f4 a6 17. fxe5 axb5 18. exf6 Kh8 19. Rae1 Rg8 20. Qd4 Qa7 21.
Qxa7 Rxa7 22. Nxb5 Rxa2 23. Re2 Rxb2 24. Nc7 Bc5+ 25. Kh1 Rb6 26. Rfe1 Bd4 27.
Nxe6 fxe6 28. Rxe6 Rxe6 29. Rxe6 Rf8 30. Rd6 Rxf6 31. Rd8+ Kg7 32. g4 Rf1+ 33.
Kg2 Rf2+ 34. Kg3 Rd2 35. h3 Bf6 36. Rd7+ Kg6 37. h4 d4 38. h5+ Kh6 39. Rd6 Kg7
40. Rd7+ Kg8 41. Kf4 Rf2+ 42. Ke4 Rxc2 43. g5 Re2+ 44. Kf5 Rf2+ 45. Ke6 Bxg5
46. Rxd4 Kg7 47. Rd7+ Kh6 48. Ke5 Rf1 49. Ke4 Rf2 50. Ke5 Be7 51. Ke4 Kxh5 52.
Ke3 Bc5+ 53. Ke4 h6 54. Rd5+ Kg4 55. Rxc5 Re2+ 56. Kd3 Re6 57. Rc7 h5 58. Rg7+
Kh3 59. Rg5 h4 60. Rg7 Kh2 61. Kd2 Re4 62. Rg6 h3 63. Rg5 Ra4 64. Ke2 Ra2+ 65.
Kf1 Rg2 66. Rh5 Rb2 67. Rf5 Rg2 68. Rh5 Ra2 69. Rg5 Rb2 70. Rg7 Rg2 71. Rh7 Rg4
72. Rf7 Kg3 73. Kg1 Rg5 74. Rf8 Rg7 75. Rf1 Re7 76. Kh1 Re3 77. Rg1+ Kf2 78.
Kh2 Re5 79. Rg3 Rh5 80. Rxh3 Rxh3+ 81. Kxh3 1/2-1/2

[Event "Bayerische EM 2012 Allgemeine Klasse"]
[Site "Bayerisch Eisenstein"]
[Date "2012.08.25"]
[Round "8.1"]
[White "Kuhn, Tobias"]
[Black "Reich, Thomas"]
[Result "0-1"]
[WhiteElo "2218"]
[BlackElo "2364"]
[PlyCount "80"]
[EventDate "2012.??.??"]
[WhiteTeam "SK 1982 Klingenberg/Main"]
[BlackTeam "FC Bayern München e.V."]

1. e4 c5 2. Nf3 g6 3. d4 cxd4 4. Nxd4 Bg7 5. c4 Nc6 6. Be3 Nf6 7. Nc3 O-O 8.
Be2 d6 9. O-O Bd7 10. Qd2 Nxd4 11. Bxd4 Bc6 12. f3 a5 13. Rac1 Nd7 14. Be3 Nc5
15. Rfd1 Qb6 16. b3 Rfc8 17. Nd5 Bxd5 18. Qxd5 a4 19. Rb1 axb3 20. axb3 Ra3 21.
b4 Rxe3 22. bxc5 Qxc5 23. Kf2 Rc3+ 24. Qxc5 dxc5 25. Rxb7 Rc2 26. Rbd7 Bd4+ 27.
R1xd4 cxd4 28. Rxd4 Ra8 29. e5 Raa2 30. Re4 f5 31. exf6 exf6 32. g4 Kf7 33. Kf1
f5 34. gxf5 gxf5 35. Re5 f4 36. Re4 Kg7 37. h4 Kh6 38. Re5 Rc3 39. Re4 Re3 40.
Kf2 Raxe2+ 0-1

[Event "Bayerische EM 2012 Allgemeine Klasse"]
[Site "Bayerisch Eisenstein"]
[Date "2012.08.25"]
[Round "8.2"]
[White "Lochte, Thomas"]
[Black "Jussupow, Nadia"]
[Result "0-1"]
[WhiteElo "2164"]
[BlackElo "2115"]
[PlyCount "74"]
[EventDate "2012.??.??"]
[WhiteTeam "SK Weilheim"]
[BlackTeam "SK Krumbach"]

1. e4 c6 2. d4 d5 3. e5 Bf5 4. Nc3 e6 5. g4 Bg6 6. Nge2 c5 7. Be3 Nc6 8. dxc5
h5 9. Nd4 Qc7 10. f4 hxg4 11. Qxg4 Nh6 12. Qe2 a6 13. Nxc6 Qxc6 14. b4 Nf5 15.
Bg2 Bh5 16. Qd3 Nxe3 17. Qxe3 b6 18. O-O bxc5 19. Nxd5 exd5 20. c4 cxb4 21. Kh1
Bc5 22. Qh3 Qh6 23. cxd5 Be2 24. Qxh6 Rxh6 25. Rfe1 Bb5 26. d6 Rd8 27. Rac1 Bf2
28. Re4 a5 29. Rc7 Bd3 30. f5 Bxe4 31. Bxe4 Bb6 32. Re7+ Kf8 33. Bd5 Rhxd6 34.
Rxf7+ Ke8 35. exd6 Rxd6 36. Be6 Rd2 37. Rxg7 Rd1+ 0-1

[Event "Bayerische EM 2012 Allgemeine Klasse"]
[Site "Bayerisch Eisenstein"]
[Date "2012.08.25"]
[Round "8.3"]
[White "Kolb, Wolfgang"]
[Black "Pohl-Kuemmel, Jens-Uwe"]
[Result "0-1"]
[WhiteElo "2066"]
[BlackElo "2315"]
[PlyCount "149"]
[EventDate "2012.??.??"]
[WhiteTeam "SK Königsbrunn"]
[BlackTeam "TSV Wacker Neutraubling"]

1. c4 g6 2. Nc3 Bg7 3. g3 e5 4. Bg2 Ne7 5. e4 O-O 6. Nge2 Nbc6 7. O-O d6 8. d3
a6 9. Nd5 Nxd5 10. cxd5 Ne7 11. Be3 Bd7 12. Rc1 c6 13. dxc6 Bxc6 14. d4 d5 15.
dxe5 dxe4 16. Bc5 Re8 17. Nc3 Bxe5 18. Bxe4 Bxe4 19. Nxe4 Nf5 20. Qxd8 Raxd8
21. Bb6 Rd5 22. Rfe1 Re6 23. Rc8+ Kg7 24. Nc3 Rd2 25. Bc5 h6 26. Ne4 Bxb2 27.
Nxd2 Rxe1+ 28. Kg2 Re2 29. Nc4 Bf6 30. a3 b5 31. Nb6 Be7 32. Bxe7 Rxe7 33. Ra8
Re6 34. Nd5 Nd4 35. Nc7 Rc6 36. Nxa6 Nc2 37. Nb4 Nxb4 38. axb4 Rc4 39. Rb8 Rxb4
40. Rb6 g5 41. h3 h5 42. Rb8 g4 43. h4 Rb1 44. Rb6 f6 45. Rb8 b4 46. Rb5 Kg6
47. Kh2 b3 48. Kg2 f5 49. Re5 Kf6 50. Re3 Rb2 51. Kg1 f4 52. gxf4 Kf5 53. Re5+
Kxf4 54. Rxh5 g3 55. fxg3+ Kxg3 56. Rg5+ Kxh4 57. Rb5 Kg3 58. Kf1 Kf3 59. Ke1
Ke3 60. Re5+ Kd3 61. Rd5+ Kc4 62. Rd8 Rc2 63. Rc8+ Kd3 64. Rd8+ Kc3 65. Rc8+
Kb2 66. Rb8 Ka2 67. Kd1 Rc6 68. Ra8+ Kb2 69. Kd2 Rd6+ 70. Ke3 Kc2 71. Rc8+ Kb1
72. Rb8 b2 73. Rb7 Rd5 74. Ke4 Ra5 75. Kd4 0-1

[Event "Bayerische EM 2012 Allgemeine Klasse"]
[Site "Bayerisch Eisenstein"]
[Date "2012.08.25"]
[Round "8.4"]
[White "Lentrodt, Thomas"]
[Black "Schatz, Christian"]
[Result "1/2-1/2"]
[WhiteElo "2328"]
[BlackElo "2222"]
[PlyCount "95"]
[EventDate "2012.??.??"]
[WhiteTeam "FC Bayern München e.V."]
[BlackTeam "Schachzentrum Fürth 2002"]

1. c4 c5 2. Nf3 Nf6 3. d4 cxd4 4. Nxd4 b6 5. f3 d6 6. e4 e6 7. Nc3 a6 8. Be2
Nbd7 9. O-O Bb7 10. Be3 Be7 11. Qd2 O-O 12. Rfd1 Re8 13. Nc2 Qc7 14. Rac1 Rac8
15. Bf2 Bf8 16. Ne3 Qb8 17. Bf1 Bc6 18. b4 Qa8 19. Qb2 Red8 20. Rd2 a5 21. a3
axb4 22. axb4 Rc7 23. b5 Bb7 24. Ra1 Qc8 25. Na4 Ba8 26. Nc2 Qb7 27. Nb4 Nc5
28. e5 Ne8 29. Nxc5 bxc5 30. Na6 Rcc8 31. exd6 Rxd6 32. Rxd6 Bxd6 33. Rd1 Qb6
34. Bd3 Bb7 35. Ra1 Ra8 36. Qa3 Nc7 37. Be4 Bxe4 38. fxe4 Qb7 39. Bxc5 Bxc5+
40. Qxc5 Nxa6 41. bxa6 Rxa6 42. Rxa6 Qxa6 43. Qd4 h5 44. h3 Qa3 45. Kh2 Qb4 46.
Qd8+ Kh7 47. Qc7 f6 48. Qc6 1/2-1/2

[Event "Bayerische EM 2012 Allgemeine Klasse"]
[Site "Bayerisch Eisenstein"]
[Date "2012.08.25"]
[Round "8.5"]
[White "Jussupow, Alexander"]
[Black "Schmid, Roland"]
[Result "1-0"]
[WhiteElo "2170"]
[BlackElo "2249"]
[PlyCount "109"]
[EventDate "2012.??.??"]
[WhiteTeam "SK Krumbach"]
[BlackTeam "TSV Wacker Neutraubling"]

1. d4 e6 2. c4 f5 3. g3 Nf6 4. Bg2 c6 5. Nh3 Be7 6. Qc2 O-O 7. O-O d6 8. Nd2 e5
9. dxe5 dxe5 10. Nf3 Bd6 11. c5 Bc7 12. Rd1 Qe7 13. Qb3+ Kh8 14. Bg5 Qxc5 15.
Rac1 Qe7 16. Nh4 Na6 17. Qd3 Qe6 18. a3 Bb6 19. b4 Nc7 20. a4 a6 21. Bd2 Ne4
22. Rc4 Nd5 23. Rxe4 fxe4 24. Qxe4 Nf6 25. Qc2 Qf7 26. Ng5 Qh5 27. Bf3 Bg4 28.
Nxh7 Qxh7 29. Ng6+ Kg8 30. Bxg4 Rfe8 31. Bf5 Qh5 32. Qb3+ Kh7 33. Nf8+ Kh8 34.
Ng6+ Kh7 35. e4 Rad8 36. Nf8+ Kh8 37. Ng6+ Kh7 38. Nf4+ Qxf5 39. exf5 exf4 40.
Bxf4 Nd5 41. Bg5 Rd7 42. f6 Kg6 43. h4 gxf6 44. Qd3+ Kg7 45. Bc1 Rde7 46. h5
Re4 47. h6+ Kh8 48. Qf3 R4e6 49. Qg4 R6e7 50. Bb2 Rg8 51. Qf3 Kh7 52. Bxf6 Rf7
53. Qe4+ Rg6 54. Bd4 Bc7 55. Qe8 1-0

[Event "Bayerische EM 2012 Allgemeine Klasse"]
[Site "Bayerisch Eisenstein"]
[Date "2012.08.25"]
[Round "8.6"]
[White "Knechtel, Roland"]
[Black "Heimrath, Reiner"]
[Result "1/2-1/2"]
[WhiteElo "2217"]
[BlackElo "2206"]
[PlyCount "116"]
[EventDate "2012.??.??"]
[WhiteTeam "SV Röhrnbach e.V."]
[BlackTeam "SC Noris-Tarrasch Nürnberg 1873"]

1. d4 Nf6 2. c4 e6 3. Nc3 c5 4. Nf3 a6 5. g3 b5 6. cxb5 axb5 7. Nxb5 Qa5+ 8.
Nc3 cxd4 9. Nxd4 Bb7 10. Nf3 Ne4 11. Bd2 Nxd2 12. Qxd2 Bxf3 13. exf3 Bb4 14.
Be2 O-O 15. O-O Rc8 16. Rfc1 Bxc3 17. Rxc3 Rxc3 18. Qxc3 Qxc3 19. bxc3 Ra3 20.
Bb5 Kf8 21. c4 Ke7 22. f4 Kd6 23. Rd1+ Kc7 24. Rd2 Nc6 25. Kf1 d6 26. Bxc6 Kxc6
27. Rc2 Kc5 28. Ke2 h5 29. h4 Kd4 30. Rd2+ Kc5 31. Rc2 g6 32. Kd2 Kd4 33. Ke2
Ra4 34. Rb2 Ra7 35. Rd2+ Kc5 36. Rc2 Ra4 37. Kd3 Ra3+ 38. Ke2 f6 39. Kf1 Ra4
40. Re2 e5 41. fxe5 fxe5 42. f4 exf4 43. Re6 fxg3 44. Rxg6 Rxa2 45. Rxg3 Kxc4
46. Rg5 d5 47. Rxh5 d4 48. Rh8 Kc3 49. h5 Ra7 50. Kf2 d3 51. Rc8+ Kd2 52. Kf3
Rf7+ 53. Kg4 Ke1 54. Re8+ Kd1 55. Rd8 d2 56. h6 Ke1 57. Kg5 d1=Q 58. Rxd1+ Kxd1
1/2-1/2

[Event "Bayerische EM 2012 Allgemeine Klasse"]
[Site "Bayerisch Eisenstein"]
[Date "2012.08.25"]
[Round "8.7"]
[White "Lederle, Vitus"]
[Black "Krauß, Josef"]
[Result "1/2-1/2"]
[WhiteElo "2220"]
[BlackElo "2130"]
[PlyCount "127"]
[EventDate "2012.??.??"]
[WhiteTeam "SC Dillingen"]
[BlackTeam "Schachklub Schweinfurt 2000 e.V."]

1. e4 d6 2. d4 Nf6 3. Nc3 g6 4. f4 Bg7 5. Nf3 O-O 6. e5 dxe5 7. fxe5 Nd5 8. Bc4
Nb6 9. Bb3 Nc6 10. Be3 Na5 11. Qe2 Nxb3 12. axb3 f6 13. O-O Bg4 14. Rad1 Nd5
15. Qc4 c6 16. Rde1 Qd7 17. Ne4 b6 18. Ned2 Rad8 19. Bf2 Be6 20. Qe2 Rde8 21.
Bg3 Bh6 22. Bf2 Bf5 23. Ne4 Bg4 24. Ned2 Bxd2 25. Qxd2 Bxf3 26. e6 Qb7 27. gxf3
f5 28. c4 Nf6 29. Kh1 b5 30. Bg3 Kg7 31. Bf4 Rg8 32. Be5 bxc4 33. bxc4 Qb3 34.
Qc3 Qb7 35. b4 Rgf8 36. Rd1 Rd8 37. Rfe1 Kg8 38. b5 cxb5 39. d5 bxc4 40. d6
exd6 41. Bxd6 Nd5 42. Qa3 Rfe8 43. Qc5 Nb6 44. Kg2 Nc8 45. e7 Rxd6 46. Rxd6
Nxd6 47. Qxd6 Qb2+ 48. Kh1 Qg7 49. Qd7 Qf7 50. Qxa7 Qd5 51. Qe3 Kf7 52. Kg2 Qc6
53. Qh6 Kg8 54. Re5 Qf6 55. Qf4 Kg7 56. Qd4 Kh6 57. Qe3+ Qg5+ 58. Qxg5+ Kxg5
59. Kf2 Kf6 60. Rc5 Rxe7 61. Rxc4 Ke5 62. Rc5+ Kd4 63. Ra5 f4 64. Ra4+ 1/2-1/2

[Event "Bayerische EM 2012 Allgemeine Klasse"]
[Site "Bayerisch Eisenstein"]
[Date "2012.08.25"]
[Round "8.8"]
[White "Kreuzer, Klaus"]
[Black "Shashkin, Igor"]
[Result "1-0"]
[WhiteElo "2130"]
[BlackElo "2105"]
[PlyCount "61"]
[EventDate "2012.??.??"]
[WhiteTeam "SC Bayerwald/Regen"]
[BlackTeam "PTSV SK Hof 1892"]

1. d4 Nf6 2. Nf3 g6 3. c4 Bg7 4. Nc3 O-O 5. Bf4 d6 6. e3 Nbd7 7. Be2 a6 8. h3
b6 9. O-O Bb7 10. Bh2 Re8 11. Rc1 h6 12. Re1 e6 13. Bf1 Nh7 14. b4 e5 15. Be2
Ng5 16. Nxg5 Qxg5 17. Bf3 Bxf3 18. Qxf3 exd4 19. exd4 Bxd4 20. Bf4 Qh4 21. Nd5
Be5 22. g3 Qd8 23. Bxh6 Nf6 24. Rxe5 Rxe5 25. Nxf6+ Kh8 26. Ng4 Rf5 27. Qc3+ f6
28. Bf4 Kg7 29. h4 Qh8 30. Re1 Kf7 31. Nh6+ 1-0

[Event "Bayerische EM 2012 Allgemeine Klasse"]
[Site "Bayerisch Eisenstein"]
[Date "2012.08.25"]
[Round "8.9"]
[White "Zill, Christoph"]
[Black "Bartsch, Berthold"]
[Result "1-0"]
[WhiteElo "2219"]
[BlackElo "2269"]
[PlyCount "45"]
[EventDate "2012.??.??"]
[WhiteTeam "SK Freising"]
[BlackTeam "SC Forchheim e.V."]

1. e4 d5 2. exd5 Qxd5 3. Nc3 Qd6 4. d4 Nf6 5. Nf3 a6 6. g3 b5 7. Bg2 Bb7 8. O-O
e6 9. Re1 Nbd7 10. Bf4 Qc6 11. d5 Nxd5 12. Ne5 Nxe5 13. Nxd5 O-O-O 14. Ne7+
Bxe7 15. Bxc6 Rxd1 16. Bxb7+ Kxb7 17. Rexd1 Nc6 18. Rd7 Rc8 19. Rad1 f6 20. Bd6
Rd8 21. Rxc7+ Kb6 22. Rxe7 Nxe7 23. Bc5+ 1-0

[Event "Bayerische EM 2012 Allgemeine Klasse"]
[Site "Bayerisch Eisenstein"]
[Date "2012.08.25"]
[Round "8.10"]
[White "Kapfer, Ulrich"]
[Black "Schelle, Artur"]
[Result "0-1"]
[WhiteElo "1737"]
[BlackElo "2215"]
[PlyCount "66"]
[EventDate "2012.??.??"]
[WhiteTeam "SC Dillingen"]
[BlackTeam "SC Tarrasch 45 München"]

1. d4 g6 2. e4 d6 3. Nf3 Nf6 4. Bd3 Bg7 5. O-O O-O 6. h3 Nc6 7. c3 e5 8. Be3 h6
9. Qd2 Kh7 10. Nh2 Qe7 11. d5 Nb8 12. Na3 Nbd7 13. Rae1 Nc5 14. Bxc5 dxc5 15.
f4 exf4 16. Qxf4 Nh5 17. Qe3 Bd7 18. g4 Nf6 19. Qf3 c6 20. Nc2 Rae8 21. Qg2 c4
22. Bxc4 Qc5+ 23. Ne3 cxd5 24. Rxf6 Bxf6 25. Bxd5 Bg5 26. Qd2 Bc6 27. Bxc6 bxc6
28. b4 Qb6 29. Nf3 Bxe3+ 30. Qxe3 Rxe4 31. Qxb6 Rxe1+ 32. Nxe1 axb6 33. Nd3 f6
0-1

[Event "Bayerische EM 2012 Allgemeine Klasse"]
[Site "Bayerisch Eisenstein"]
[Date "2012.08.25"]
[Round "8.11"]
[White "Ciaffone, Daniel"]
[Black "Kunz, Konstantin"]
[Result "1/2-1/2"]
[WhiteElo "2145"]
[BlackElo "2303"]
[PlyCount "223"]
[EventDate "2012.??.??"]
[WhiteTeam "FC Bayern München e.V."]
[BlackTeam "SC Kitzingen von 1905"]

1. e4 c5 2. Nf3 e6 3. c3 Nf6 4. e5 Nd5 5. d4 cxd4 6. cxd4 d6 7. Nc3 Nxc3 8.
bxc3 Qc7 9. Bd2 Nd7 10. exd6 Bxd6 11. Bd3 Bf4 12. O-O O-O 13. Re1 Bxd2 14. Qxd2
b6 15. Re3 Bb7 16. Ng5 h6 17. Rg3 Rfe8 18. Nh7 f5 19. d5 Bxd5 20. Bxf5 exf5 21.
Qxd5+ Kxh7 22. Qf7 Qe5 23. Re3 Qf6 24. Qxd7 Rxe3 25. fxe3 Qxc3 26. Qxf5+ Kh8
27. Rf1 Qxe3+ 28. Kh1 Re8 29. h3 Qe5 30. Qd7 Qe7 31. Qd5 Qe6 32. Qh5 Kh7 33. a3
Re7 34. Rf3 Qe1+ 35. Kh2 Qe5+ 36. Qxe5 Rxe5 37. Kg3 Kg6 38. Rd3 Kf5 39. Kf3 Ke6
40. Kf4 Rd5 41. Rc3 Rd4+ 42. Ke3 Ra4 43. Rb3 Kd5 44. Kd3 h5 45. Rb5+ Ke6 46.
Rb3 h4 47. Ke3 Kd5 48. Kd3 Rd4+ 49. Ke3 Ra4 50. Kd3 Kc5 51. Kc3 Rf4 52. Rb2 Re4
53. Kd3 Ra4 54. Rb3 g5 55. Kc2 g4 56. Rc3+ Kb5 57. Re3 g3 58. Re5+ Ka6 59. Kb3
Rf4 60. Rh5 b5 61. Rh6+ Ka5 62. Rg6 Rf2 63. Rg4 Rxg2 64. Rxh4 Rh2 65. Rh7 a6
66. h4 g2 67. Rg7 Rh3+ 68. Kb2 Rh2 69. Kb3 Kb6 70. h5 a5 71. h6 a4+ 72. Kc3
Rh3+ 73. Kb2 Rh2 74. Kc3 Ka5 75. Rg5 Rxh6 76. Rxg2 Rh1 77. Kb2 Rh6 78. Rf2 Kb6
79. Rg2 Rh5 80. Rf2 Kc5 81. Rg2 Rh4 82. Rc2+ Kd4 83. Rd2+ Kc4 84. Rc2+ Kd4 85.
Rd2+ Ke5 86. Rc2 Rc4 87. Rh2 Re4 88. Rc2 Kd5 89. Rh2 Re3 90. Rd2+ Ke5 91. Rc2
Kd4 92. Rd2+ Rd3 93. Rh2 Rb3+ 94. Ka2 Re3 95. Rb2 Kc4 96. Rb4+ Kc5 97. Kb2 Re2+
98. Kb1 Rd2 99. Rh4 Rd4 100. Rh2 Re4 101. Kb2 Kd4 102. Rd2+ Kc5 103. Rc2+ Kd5
104. Rd2+ Rd4 105. Rh2 Re4 106. Rd2+ Kc4 107. Rc2+ Kd4 108. Rd2+ Kc5 109. Rc2+
Kb6 110. Rh2 Ka5 111. Rg2 Re5 112. Rh2 1/2-1/2

[Event "Bayerische EM 2012 Allgemeine Klasse"]
[Site "Bayerisch Eisenstein"]
[Date "2012.08.25"]
[Round "8.12"]
[White "Laubert, Johannes"]
[Black "Beier, Klaus"]
[Result "1-0"]
[WhiteElo "2108"]
[BlackElo "2126"]
[PlyCount "69"]
[EventDate "2012.??.??"]
[WhiteTeam "SC Windischeschenbach"]
[BlackTeam "SK Michelau"]

1. e4 e5 2. Nf3 d6 3. Nc3 c6 4. d4 Qe7 5. Be2 g6 6. O-O Bg7 7. a4 Nf6 8. Re1
O-O 9. h3 Nbd7 10. Bf1 Re8 11. d5 c5 12. a5 Nf8 13. Rb1 h6 14. Nd2 Nh5 15. Nc4
Bd7 16. b4 cxb4 17. Rxb4 Nf4 18. Rxb7 Qf6 19. Nb5 Bxb5 20. Rxb5 Nd7 21. Ba3 Bf8
22. g3 Nh5 23. Rb7 Red8 24. Qg4 Nb8 25. Re3 Qg7 26. Reb3 Nf6 27. Qf3 g5 28. Qd3
Ne8 29. Ne3 Rc8 30. c3 Nc7 31. Be2 Nba6 32. Bg4 Rcb8 33. Qc4 f6 34. Nf5 Qf7 35.
Nxd6 1-0

[Event "Bayerische EM 2012 Allgemeine Klasse"]
[Site "Bayerisch Eisenstein"]
[Date "2012.08.25"]
[Round "8.13"]
[White "Stadler, Alex"]
[Black "Bachhuber, Dominik"]
[Result "1-0"]
[WhiteElo "2035"]
[BlackElo "1858"]
[PlyCount "89"]
[EventDate "2012.??.??"]
[WhiteTeam "SV Deggendorf"]
[BlackTeam "Rainer SC"]

1. Nf3 Nf6 2. c4 g6 3. Nc3 d5 4. cxd5 Nxd5 5. e4 Nxc3 6. bxc3 Bg7 7. Bc4 O-O 8.
O-O c5 9. Qc2 Nc6 10. Bb2 Na5 11. Be2 Qc7 12. d3 Rd8 13. Bc1 Nc6 14. Be3 Qa5
15. Rac1 h6 16. Nd2 Be6 17. Nb3 Bxb3 18. Qxb3 Rac8 19. f4 c4 20. dxc4 e6 21. a4
b6 22. e5 Re8 23. Rfd1 f6 24. exf6 Bxf6 25. Qc2 Ne7 26. g4 Rcd8 27. Rxd8 Rxd8
28. Qb3 Kf7 29. Qb4 Nc6 30. Qxa5 Nxa5 31. Kf2 Rc8 32. Rd1 Ke7 33. Bd4 Bh4+ 34.
Kf3 Nxc4 35. g5 hxg5 36. Kg4 e5 37. fxe5 Na5 38. Bd3 Nb3 39. Bxg6 Rc4 40. Bd3
Rxa4 41. Bc2 Ra3 42. Bxb3 Rxb3 43. Kf5 a5 44. e6 Rb2 45. Bf6+ 1-0

[Event "Bayerische EM 2012 Allgemeine Klasse"]
[Site "Bayerisch Eisenstein"]
[Date "2012.08.25"]
[Round "8.14"]
[White "Walter, Florian"]
[Black "Hornung, Hans"]
[Result "1-0"]
[WhiteElo "2128"]
[BlackElo "2138"]
[PlyCount "57"]
[EventDate "2012.??.??"]
[WhiteTeam "SV Lauf a.d.P."]
[BlackTeam "SK Klosterlechfeld"]

1. c4 c5 2. g3 Nc6 3. Bg2 g6 4. Nc3 Bg7 5. Nf3 d6 6. O-O Qd7 7. Rb1 b6 8. a3
Bb7 9. e3 Bxc3 10. bxc3 f5 11. e4 Nf6 12. exf5 gxf5 13. d3 O-O-O 14. Bg5 Ng4
15. d4 Rhg8 16. Re1 h6 17. Bh4 Rdf8 18. dxc5 bxc5 19. Qa4 e5 20. Rb2 Rg7 21.
Reb1 Qe8 22. h3 Nf6 23. Nxe5 Nxe5 24. Bxb7+ Rxb7 25. Qxe8+ Nxe8 26. Rxb7 Nf3+
27. Kg2 Nxh4+ 28. gxh4 Rf6 29. Rxa7 1-0

[Event "Bayerische EM 2012 Allgemeine Klasse"]
[Site "Bayerisch Eisenstein"]
[Date "2012.08.26"]
[Round "9.1"]
[White "Reich, Thomas"]
[Black "Lentrodt, Thomas"]
[Result "1/2-1/2"]
[WhiteElo "2364"]
[BlackElo "2328"]
[PlyCount "80"]
[EventDate "2012.??.??"]
[WhiteTeam "FC Bayern München e.V."]
[BlackTeam "FC Bayern München e.V."]

1. d4 Nf6 2. c4 e6 3. Nf3 Bb4+ 4. Nc3 O-O 5. Bd2 c5 6. e3 b6 7. Bd3 cxd4 8.
exd4 Bb7 9. O-O Be7 10. Re1 d6 11. Ng5 h6 12. Nge4 Nbd7 13. Qf3 Nxe4 14. Bxe4
Bxe4 15. Nxe4 Nf6 16. b3 Nxe4 17. Qxe4 Bf6 18. Rac1 Rc8 19. d5 e5 20. Qg4 Kh7
21. f4 Rc7 22. fxe5 Bxe5 23. Bc3 f5 24. Qd1 Qf6 25. Qd2 Re8 26. Bxe5 dxe5 27.
b4 Qd6 28. Rc2 e4 29. a3 Re5 30. Rd1 e3 31. Qd4 e2 32. Re1 Rxd5 33. cxd5 Rxc2
34. Qd3 Ra2 35. Qxf5+ Qg6 36. Qf3 Qc2 37. d6 Qd2 38. Qe4+ Kh8 39. Qe8+ Kh7 40.
Qe4+ Kh8 1/2-1/2

[Event "Bayerische EM 2012 Allgemeine Klasse"]
[Site "Bayerisch Eisenstein"]
[Date "2012.08.26"]
[Round "9.2"]
[White "Pohl-Kuemmel, Jens-Uwe"]
[Black "Lochte, Thomas"]
[Result "1-0"]
[WhiteElo "2315"]
[BlackElo "2164"]
[PlyCount "73"]
[EventDate "2012.??.??"]
[WhiteTeam "TSV Wacker Neutraubling"]
[BlackTeam "SK Weilheim"]

1. d4 Nf6 2. Nf3 g6 3. c4 c5 4. Nc3 cxd4 5. Nxd4 Bg7 6. e4 d6 7. Be2 O-O 8. Be3
Nc6 9. O-O Bd7 10. f3 Rc8 11. Qd2 Nxd4 12. Bxd4 Be6 13. b3 Qa5 14. Rac1 Ne8 15.
Be3 Kh8 16. Rfd1 f5 17. exf5 Rxf5 18. Bd3 Rh5 19. Ne2 Qxd2 20. Rxd2 Ra5 21.
Rdc2 Nf6 22. Nd4 Bf7 23. Nb5 b6 24. Bd2 Ra6 25. Bc3 Nd7 26. Re1 Bxc3 27. Nxc3
Nc5 28. Rxe7 Nxd3 29. Rxf7 Ra5 30. Ne4 Re5 31. Rd2 d5 32. Rxd3 dxe4 33. fxe4
Rxe4 34. h3 Rce8 35. Rdd7 Re1+ 36. Kh2 h5 37. Rxa7 1-0

[Event "Bayerische EM 2012 Allgemeine Klasse"]
[Site "Bayerisch Eisenstein"]
[Date "2012.08.26"]
[Round "9.5"]
[White "Heimrath, Reiner"]
[Black "Kuhn, Tobias"]
[Result "0-1"]
[WhiteElo "2206"]
[BlackElo "2218"]
[PlyCount "82"]
[EventDate "2012.??.??"]
[WhiteTeam "SC Noris-Tarrasch Nürnberg 1873"]
[BlackTeam "SK 1982 Klingenberg/Main"]

1. e4 c5 2. Nf3 Nc6 3. Bb5 g6 4. O-O Bg7 5. Re1 e5 6. Bxc6 bxc6 7. c4 Ne7 8. d3
O-O 9. Be3 d6 10. Qc1 f5 11. Bh6 f4 12. Bxg7 Kxg7 13. b4 Bg4 14. Nbd2 cxb4 15.
c5 g5 16. cxd6 Qxd6 17. Nc4 Qf6 18. Nfxe5 Be6 19. d4 Rad8 20. Rd1 f3 21. g3 h5
22. Rd3 g4 23. h4 gxh3 24. Rxf3 Qh6 25. Qxh6+ Kxh6 26. Rxf8 Rxf8 27. Rd1 h4 28.
gxh4 Rg8+ 29. Kh1 Rg2 30. Rd2 Kh5 31. Na5 Nf5 32. Nf3 Kg4 33. Nh2+ Kf4 34. Re2
Nxd4 35. Rd2 Rxh2+ 36. Kxh2 Nf3+ 37. Kh1 Nxd2 38. Nxc6 a5 39. h5 Nxe4 40. h6
Nxf2+ 41. Kg1 Ng4 0-1